Normal view
MARC view
- Hashmi, Taimur
Entry Personal Name
001 - CONTROL NUMBER
- control field: 132936
003 - CONTROL NUMBER IDENTIFIER
- control field: NUST
005 - DATE AND TIME OF LATEST TRANSACTION
- control field: 20260127124147.0
008 - FIXED-LENGTH DATA ELEMENTS
- fixed length control field: 260127|| aca||aabn | a|a d
040 ## - CATALOGING SOURCE
- Original cataloging agency: NUST
- Transcribing agency: NUST
100 ## - HEADING--PERSONAL NAME
- Personal name: Hashmi, Taimur
670 ## - SOURCE DATA FOUND
- Source citation: Work cat.: (NUST): Hashmi, Taimur, IoT Based Hand Sanitizing System /, June, 2021
